|
|
|
|
| LEADER |
02757nam a2200517 4500 |
| 001 |
978-981-13-3987-5 |
| 003 |
DE-He213 |
| 005 |
20191028171402.0 |
| 007 |
cr nn 008mamaa |
| 008 |
190415s2019 si | s |||| 0|eng d |
| 020 |
|
|
|a 9789811339875
|9 978-981-13-3987-5
|
| 024 |
7 |
|
|a 10.1007/978-981-13-3987-5
|2 doi
|
| 040 |
|
|
|d GrThAP
|
| 050 |
|
4 |
|a QA401-425
|
| 050 |
|
4 |
|a QC19.2-20.85
|
| 072 |
|
7 |
|a PHU
|2 bicssc
|
| 072 |
|
7 |
|a SCI040000
|2 bisacsh
|
| 072 |
|
7 |
|a PHU
|2 thema
|
| 082 |
0 |
4 |
|a 530.15
|2 23
|
| 100 |
1 |
|
|a Koszul, Jean-Louis.
|e author.
|4 aut
|4 http://id.loc.gov/vocabulary/relators/aut
|
| 245 |
1 |
0 |
|a Introduction to Symplectic Geometry
|h [electronic resource] /
|c by Jean-Louis Koszul, Yi Ming Zou.
|
| 250 |
|
|
|a 1st ed. 2019.
|
| 264 |
|
1 |
|a Singapore :
|b Springer Singapore :
|b Imprint: Springer,
|c 2019.
|
| 300 |
|
|
|a L, 121 p. 19 illus., 9 illus. in color.
|b online resource.
|
| 336 |
|
|
|a text
|b txt
|2 rdacontent
|
| 337 |
|
|
|a computer
|b c
|2 rdamedia
|
| 338 |
|
|
|a online resource
|b cr
|2 rdacarrier
|
| 347 |
|
|
|a text file
|b PDF
|2 rda
|
| 505 |
0 |
|
|a Some Algebra Basics -- Symplectic Manifolds -- Cotangent Bundles -- Symplectic G-spaces -- Poisson Manifolds -- A Graded Case.
|
| 520 |
|
|
|a This introductory book offers a unique and unified overview of symplectic geometry, highlighting the differential properties of symplectic manifolds. It consists of six chapters: Some Algebra Basics, Symplectic Manifolds, Cotangent Bundles, Symplectic G-spaces, Poisson Manifolds, and A Graded Case, concluding with a discussion of the differential properties of graded symplectic manifolds of dimensions (0,n). It is a useful reference resource for students and researchers interested in geometry, group theory, analysis and differential equations.
|
| 650 |
|
0 |
|a Mathematical physics.
|
| 650 |
|
0 |
|a Probabilities.
|
| 650 |
|
0 |
|a Differential geometry.
|
| 650 |
|
0 |
|a Mechanics.
|
| 650 |
1 |
4 |
|a Mathematical Physics.
|0 http://scigraph.springernature.com/things/product-market-codes/M35000
|
| 650 |
2 |
4 |
|a Probability Theory and Stochastic Processes.
|0 http://scigraph.springernature.com/things/product-market-codes/M27004
|
| 650 |
2 |
4 |
|a Differential Geometry.
|0 http://scigraph.springernature.com/things/product-market-codes/M21022
|
| 650 |
2 |
4 |
|a Classical Mechanics.
|0 http://scigraph.springernature.com/things/product-market-codes/P21018
|
| 700 |
1 |
|
|a Zou, Yi Ming.
|e author.
|4 aut
|4 http://id.loc.gov/vocabulary/relators/aut
|
| 710 |
2 |
|
|a SpringerLink (Online service)
|
| 773 |
0 |
|
|t Springer eBooks
|
| 776 |
0 |
8 |
|i Printed edition:
|z 9789811339868
|
| 776 |
0 |
8 |
|i Printed edition:
|z 9789811339882
|
| 856 |
4 |
0 |
|u https://doi.org/10.1007/978-981-13-3987-5
|z Full Text via HEAL-Link
|
| 912 |
|
|
|a ZDB-2-SMA
|
| 950 |
|
|
|a Mathematics and Statistics (Springer-11649)
|